Piosenkarz/anka po tytule jego piosenki - Statystyki

Ogólne statystyki
  • Ten quiz został rozwiązany 217 razy
  • Średni wynik to 6 z 10
Statystyki odpowiedzi
Hint Odpowiedź % Poprawnych
Waka waka this time for Africa Shakira
95%
Bad romance Lady gaga
92%
Umbrella Rihanna
85%
Billie jean Michael Jackson
79%
Shake it Taylor Swift
67%
My heart will go on Celine Dion
59%
Sorry Justin Bieber
58%
Careless whisper George Michael
39%
Love THE way you Eminem
35%
Uptown funk Mark ronson
23%
Nie znaleziono quizów pasujących do podanych kryteriów
Rozkład punktacji
Procent ludzi z każdym wynikiem
Percentyl według liczby udzielonych odpowiedzi
Twoja historia wyników
Nie rozwiązałeś tego quizu